| 000 | 01922nam0a2200373 4500 | ||
|---|---|---|---|
| 001 | RU\NLR\BIBL_A\021952887 | ||
| 005 | 20260406184513.0 | ||
| 010 |
_bВ пер. _d1 р. _912000 |
||
| 021 |
_aRU _b85-28034 |
||
| 035 | _a(NLR Aleph) 021952887 | ||
| 090 |
_a13217081 _c13217081 |
||
| 100 | _a20230601d1985 |||y0rusy50 ca | ||
| 101 | 0 | _arus | |
| 102 | _aRU | ||
| 105 | _ay z 000 y | ||
| 181 | 0 |
_ai _baxxe |
|
| 182 | 0 | _an | |
| 200 | 1 |
_aРезервы повышения эффективности народнохозяйственного комплекса _f[Лебедев В.Г., Кушлин В.И., Гелерт Г. и др.] _gАкадемия общественных наук при ЦК КПСС. Кафедра экономики и организации производства |
|
| 203 |
_aТекст _bвизуальный _cнепосредственный |
||
| 210 |
_aМосква _cМысль _d1985 |
||
| 215 |
_a223 с. _d20 |
||
| 300 | _aАвторы указаны на обороте тит.л. | ||
| 606 | 1 |
_aОбщественное производство _xЭффективность _92157511 _3RU\NLR\AUTH\661298717 |
|
| 606 | 1 |
_aНароднохозяйственные комплексы _9903361 _3RU\NLR\AUTH\668770 |
|
| 686 | 1 | _aУ9(2)-85 | |
| 686 | 1 | _aУ9(2)-434 | |
| 701 | 1 |
_8rus _7ca _aЛебедев _bВ. Г. _cд-р экон. наук _f1919-1996 _gВиктор Георгиевич _3RU\NLR\AUTH\7799564 _982490 |
|
| 701 | 1 |
_8rus _7ca _aКушлин _bВ. И. _f1936- _gВалерий Иванович _3RU\NLR\AUTH\7751878 _934811 |
|
| 701 | 1 |
_aГелерт _bГ. _gГудрун |
|
| 712 | 0 | 2 |
_4570 _aАкадемия общественных наук _cМосква _bКафедра экон. и организации производства _3RU\NLR\AUTH\889949869 _9395470 |
| 852 |
_aNLR _j85-3/7473 |
||
| 942 | _cBOOK | ||
| 980 | _aNB | ||